Complete Operas and Oratorios by Handel - Statistics

General Stats
  • This quiz has been taken 17 times
  • The average score is 12 of 70
Answer Stats
HWV Answer % Correct
56 Messiah
81%
7 Rinaldo
63%
17 Giulio Cesare
50%
34 Alcina
44%
40 Serse
44%
67 Solomon
44%
31 Orlando
38%
53 Saul
38%
33 Ariodante
31%
27 Partenope
31%
19 Rodelinda
31%
58 Semele
31%
21 Alessandro
25%
60 Hercules
25%
54 Israel in Egypt
25%
70 Jephtha
25%
12 Radamisto
25%
25 Tolomeo
25%
6 Agrippina
19%
35 Atalanta
19%
38 Berenice
19%
51 Deborah
19%
14 Floridante
19%
57 Samson
19%
20 Scipione
19%
18 Tamerlano
19%
9 Teseo
19%
68 Theodora
19%
65 Alexander Balus
13%
1 Almira
13%
11 Amadigi di Gaula
13%
52 Athalia
13%
61 Belshazzar
13%
50 Esther
13%
29 Ezio
13%
39 Faramondo
13%
16 Flavio
13%
A14 Giove in Argo
13%
37 Giustino
13%
46 Il trionfo del Tempo e del Disinganno
13%
64 Joshua
13%
13 Muzio Scevola
13%
2 Nero
13%
62 Occasional Oratorio
13%
A11 Oreste
13%
23 Riccardo Primo
13%
24 Siroe
13%
66 Susanna
13%
69 The Choice of Hercules
13%
71 The Triumph of Time and Truth
13%
32 Arianna in Creta
6%
36 Arminio
6%
48 Brockes Passion
6%
42 Deidamia
6%
3 Florindo
6%
8 Il pastor fido
6%
41 Imeneo
6%
59 Joseph and his Brethren
6%
63 Judas Maccabaeus
6%
55 L'Allegro, il Penseroso ed il Moderato
6%
47 La resurrezione
6%
26 Lotario
6%
15 Ottone
6%
28 Poro
6%
5 Rodrigo
6%
10 Silla
6%
30 Sosarme
6%
22 Admeto
0%
A13 Alessandro Severo
0%
4 Daphne
0%
No matching quizzes found
Score Distribution
Percent of People with Each Score
Percentile by Number Answered
Your Score History
You have not taken this quiz